LED packaging for lighting applications (Record no. 229857)
[ view plain ]
| 000 -LEADER | |
|---|---|
| fixed length control field | 01776nam a2200409 a 4500 |
| 082 04 - DEWEY DECIMAL CLASSIFICATION NUMBER | |
| Classification number | 621.3815/22 |
| 100 1# - MAIN ENTRY--AUTHOR NAME | |
| Personal name | Liu, S. |
| 245 10 - TITLE STATEMENT | |
| Title | LED packaging for lighting applications |
| 260 ## - PUBLICATION, DISTRIBUTION, ETC. (IMPRINT) | |
| Place of publication | Hoboken, N.J. : |
| Name of publisher | Wiley, |
| Year of publication | 2011. |
| 300 ## - PHYSICAL DESCRIPTION | |
| Number of Pages | x, 352 p. : |
| Other physical details | ill. |
| 520 ## - SUMMARY, ETC. | |
| Summary, etc | "This book provides quantitative methods for optical, thermal, reliability modelling and simulation so that predictive quantitative modelling can be achieved"-- |
| 650 #0 - SUBJECT ADDED ENTRY--TOPICAL TERM | |
| Topical Term | Light emitting diodes |
| Topical Term | Light emitting diodes |
| Topical Term | Electronic packaging. |
| Topical Term | Electric lighting |
| 700 1# - ADDED ENTRY--PERSONAL NAME | |
| Personal name | Luo, Xiaobing, |
| 856 40 - ELECTRONIC LOCATION AND ACCESS | |
| Uniform Resource Identifier | http://site.ebrary.com/lib/rucke/Doc?id=10490643 |
| 520 ## - SUMMARY, ETC. | |
| -- | Provided by publisher. |
No items available.
